| 000 | 00619cam a2200193 i 4500 | ||
|---|---|---|---|
| 001 | 19044175 | ||
| 005 | 20241114143732.0 | ||
| 008 | 160406s2015 gh 001 0 eng | ||
| 020 | _a9789988856793 | ||
| 050 | 0 | 0 |
_aKRX774 _b.J67 2015 |
| 100 | 1 | _aJosiah-Aryeh, Nii Armah. | |
| 245 | 1 | 0 |
_aGhana law of wills / _cN.A. Josiah-Aryeh, LLB (Ghana), LLM (London), PhD (London). |
| 260 |
_aOdorkor, Accra _bIcon Publishing Limited _c2015 |
||
| 300 |
_axxxiv, 202 pages ; _c23 cm |
||
| 500 | _aIncludes appendices & index. | ||
| 650 | 0 |
_aWills _zGhana. |
|
| 650 | 0 |
_aInheritance and succession _zGhana. |
|
| 942 |
_2lcc _cBK _n0 |
||
| 999 |
_c1207 _d1207 |
||